DC Comics Characters by Picture Quiz Stats

 Plays Quiz Updated Nov 14, 2015

Score 0/30 Timer 06:00
23 Plays Today
Number Character % Correct
1The Joker
98.5%
8The Batman
96.7%
5Catwoman
95.4%
16Superman
95%
36Wonder Woman
91.7%
30Green Lantern (Kyle Rayner)
90.7%
11The Flash (Jay Garrick)
90.7%
26Batgirl
90.6%
32Aquaman
88%
10Green Arrow
87.9%
3Bane
85%
12Scarecrow
85%
20Alfred Pennyworth
81.3%
17Poison Ivy
80.4%
18Hawkman
79.9%
Number Character % Correct
24Nightwing
75.4%
25Man-Bat
64.4%
34The Atom
62.7%
6Captain Cold
62.2%
21Black Canary
59.6%
31Gorilla Grodd
58.1%
28Starfire
56.2%
2Zatanna
54%
35Doctor Fate
53.2%
33Power Girl
50.7%
27Hugo Strange
48.2%
7The Huntress (Earth-Two)
47.8%
9Jonah Hex
38%
15Mr. Zsasz
31.2%
14Detective Chimp
30.6%

You're not logged in!

Compare scores with friends on all Sporcle quizzes.
OR
Log In

Show Comments

Extras

Top Quizzes Today


Score Distribution

Your Account Isn't Verified!

In order to create a playlist on Sporcle, you need to verify the email address you used during registration. Go to your Sporcle Settings to finish the process.

Report this User

Report this user for behavior that violates our Community Guidelines.

Details: